The kid in the red jacket / (Record no. 2659)

MARC details
000 -LEADER
fixed length control field 00960pam a2200277 a 4500
005 - DATE AND TIME OF LATEST TRANSACTION
control field 20240704133754.0
020 ## - INTERNATIONAL STANDARD BOOK NUMBER
International Standard Book Number 0394881893
020 ## - INTERNATIONAL STANDARD BOOK NUMBER
International Standard Book Number 0394981898 (lib. bdg.)
040 ## - CATALOGING SOURCE
Original cataloging agency DLC
Transcribing agency DLC
Modifying agency DLC
Language of cataloging eng
050 00 - LIBRARY OF CONGRESS CALL NUMBER
Classification number PZ7.P2197
082 00 - DEWEY DECIMAL CLASSIFICATION NUMBER
Classification number 813.5
100 1# - MAIN ENTRY--PERSONAL NAME
Personal name Park, Barbara
245 14 - TITLE STATEMENT
Title The kid in the red jacket /
Statement of responsibility, etc. by Barbara Park
250 ## - EDITION STATEMENT
Edition statement First Scholastic printing, January 2001
260 ## - PUBLICATION, DISTRIBUTION, ETC.
Place of publication, distribution, etc. New York :
Name of publisher, distributor, etc. Scholastic,
Date of publication, distribution, etc. 1987
300 ## - PHYSICAL DESCRIPTION
Extent 113 pages ;
Dimensions 2០ cm
505 ## - FORMATTED CONTENTS NOTE
Formatted contents note M
520 ## - SUMMARY, ETC.
Summary, etc. When ten-year-old Howard has to move with his family to a distant state, he is forced to live on a street named Chester Pewe, adjust to a new school, and get used to being shadowed by the little girl in a nearby house.
521 ## - TARGET AUDIENCE NOTE
Target audience note 640 <br/>
Source Lexile<br/>
521 ## - TARGET AUDIENCE NOTE
Target audience note M <br/>
Source Raz-Plus<br/>
650 #1 - SUBJECT ADDED ENTRY--TOPICAL TERM
Topical term or geographic name entry element Moving, Household
General subdivision Fiction.
650 #1 - SUBJECT ADDED ENTRY--TOPICAL TERM
Topical term or geographic name entry element Humorous stories.
906 ## - LOCAL DATA ELEMENT F, LDF (RLIN)
a 7
b cbc
c orignew
d 1
e ocip
f 19
g y-gencatlg
942 ## - ADDED ENTRY ELEMENTS (KOHA)
Source of classification or shelving scheme Dewey Decimal Classification
Koha item type Books
Suppress in OPAC No
999 ## -
-- 2659
-- 2659
Holdings
Withdrawn status Lost status Source of classification or shelving scheme Damaged status Not for loan Collection Home library Current library Shelving location Date acquired Total Checkouts Full call number Barcode Date last seen Copy number Price effective from Koha item type
    Dewey Decimal Classification     Juvenile Fiction Footprints International School Library Network Toul Kork Campus Footprints International School Library Network Toul Kork Campus   01/09/2024   PAR 813.5 PZ7.P2197 FISSE00990 01/09/2024 1 01/09/2024 Books
    Dewey Decimal Classification     Juvenile Fiction Footprints International School Library Network Toul Kork Campus Footprints International School Library Network Toul Kork Campus TK Primary Library Room(4th Floor), Bookcase 3&4, Shelves 17-32, Yellow Books 07/04/2024   PAR 813.5 PZ7.P2197 FISTK04957 07/04/2024 2 07/04/2024 Books